[Event "27.Autunno M.Monticelli B"]
[Site "Venezia"]
[Date "2023.10.15"]
[Round "4.15"]
[White "Zanon, Michele"]
[Black "Piovesan, Alberto"]
[Result "0-1"]
[WhiteElo "1364"]
[BlackElo "1247"]
[Annotator "Ballarin,Gabriele"]
[PlyCount "148"]
[EventDate "2023.10.13"]
[EventType "swiss"]
[EventRounds "5"]
[EventCountry "ITA"]

1. e4 e6 2. d3 c6 3. Nd2 d5 4. e5 c5 5. f4 Qh4+ 6. g3 Qd8 7. Ngf3 Nc6 8. Bg2 b5 9. O-O Qb6 10. c3 Nge7 11. Nh4 a5 12. Ndf3 c4+ 13. d4 Ng6 14. Be3 Nxh4 15. Nxh4 Be7 16. Nf3 a4 17. a3 Na5 18. h4 h6 19. h5 Kd7 20. Nh2 Qd8 21. f5 Bg5 22. fxe6+ fxe6 23. Rf7+ Kc6 24. Bxg5 Qxg5 25. Qf3 Nb3 26. Rd1 Bd7 27. Rxd7 Kxd7 28. Bh3 Raf8 29. Qxd5+ Kc7 30. Qd6+ Kc8 31. Bxe6+ Kb7 32. Bd5+ Kc8 33. Be6+ Kb7 34. Bd5+ Kc8 35. e6 Qd8 36. Qa6+ Kc7 37. Qb7+ Kd6 38. Re1 Qc7 39. Qxb5 Rb8 40. Qxc4 Qxc4 41. Bxc4 Na5 42. Bd3 Rhe8 43. Bf5 Rxb2 44. Nf1 Nc4 45. g4 Nd2 46. Kg2 Nxf1+ 47. Kxf1 Rb3 48. Rc1 Kd5 49. Ke2 Rxa3 50. Kd3 Rb3 51. Rc2 Rbb8 52. c4+ Kd6 53. d5 Ra8 54. Kd4 a3 55. Ra2 (55. c5+ $1) 55... Ra4 56. Bg6 Re7 57. Kc3 Kc5 58. Bc2 Rxc4+ 59. Kd3 Rd4+ 60. Ke3 Rxd5 61. Bb3 Rxe6+ 62. Kf2 Rf6+ 63. Kg2 Rd4 64. Kg1 Rxg4+ 65. Kh2 Rh4+ 66. Kg2 Rxh5 67. Bg8 Kb4 68. Re2 Rhf5 69. Re4+ Kc3 70. Rc4+ Kd2 71. Ra4 Rg6+ 72. Kh3 Rh5+ 73. Rh4 Rxh4+ 74. Kxh4 Ra6 0-1

[Event "27.Autunno M.Monticelli B"]
[Site "Venezia"]
[Date "2023.10.15"]
[Round "4.16"]
[White "Girardi, Alvise"]
[Black "Patron, Cristobal"]
[Result "1-0"]
[WhiteElo "1322"]
[BlackElo "1227"]
[Annotator "Ballarin,Gabriele"]
[PlyCount "141"]
[EventDate "2023.10.13"]
[EventType "swiss"]
[EventRounds "5"]
[EventCountry "ITA"]

1. e4 e5 2. Nf3 Nc6 3. d4 exd4 4. Nxd4 Nf6 5. Nxc6 bxc6 6. e5 Nd5 7. Bc4 Bb7 8. Bd2 Bc5 9. O-O O-O 10. Nc3 d6 11. Re1 dxe5 12. Rxe5 Bxf2+ 13. Kh1 Qf6 14. Qe2 Bd4 15. Re4 Bxc3 16. Rf1 Qd6 17. bxc3 c5 18. Rg4 Nf6 19. Bf4 Qc6 20. Rg3 Rfe8 21. Qd1 Rad8 22. Qc1 Nh5 23. Rgf3 Qg6 24. R3f2 Re4 25. Bxc7 Rf8 26. Bd3 Rc8 27. Bxe4 Bxe4 28. Qd2 Nf6 29. Bg3 h6 30. Bh4 Rc6 31. Bxf6 gxf6 32. Qe3 Kg7 33. Qh3 Kh7 34. Rf4 Re6 35. Rg4 Qf5 36. Rxf5 Bxf5 37. Kg1 Re1+ 38. Kf2 Rc1 39. Rg7+ Kxg7 40. Qxf5 Ra1 41. Qxc5 Rxa2 42. Qf5 Rb2 43. Ke3 a5 44. Qxa5 Rxc2 45. Kd3 Rxg2 46. Qa1 Kh7 47. Qf1 Rxh2 48. Qxf6 Rh3+ 49. Kd4 Rg3 50. Qxf7+ Rg7 51. Qf5+ Kg8 52. c4 Rf7 53. Qg6+ Rg7 54. Qxh6 Rd7+ 55. Kc5 Rc7+ 56. Kd6 Ra7 57. Qe6+ Kh8 58. c5 Rf7 59. Qe8+ Kg7 60. Qxf7+ Kxf7 61. Kd7 Kg7 62. c6 Kh7 63. c7 Kh6 64. c8=Q Kh7 65. Qf8 Kg6 66. Ke6 Kh7 67. Qf2 Kg7 68. Qf3 Kg6 69. Qg3+ Kh6 70. Kf6 Kh5 71. Qg5# 1-0

[Event "27.Autunno M.Monticelli B"]
[Site "Venezia"]
[Date "2023.10.15"]
[Round "4.17"]
[White "Magda, Serafima"]
[Black "Franco Tevez Inti, Mahatma"]
[Result "1-0"]
[WhiteElo "1252"]
[BlackElo "1047"]
[Annotator "Ballarin,Gabriele"]
[PlyCount "89"]
[EventDate "2023.10.13"]
[EventType "swiss"]
[EventRounds "5"]
[EventCountry "ITA"]

1. c4 c5 2. Nf3 d6 3. d4 cxd4 4. Nxd4 Nf6 5. Nc3 e6 6. g3 a6 7. Bg2 Be7 8. O-O O-O 9. Qa4 Nbd7 10. Ncb5 Rb8 11. Na7 Qc7 12. Bf4 b5 13. Naxb5 axb5 14. Nxb5 Qb6 15. Be3 Nc5 16. Qa3 Ba6 17. b4 Bxb5 18. bxc5 Qa6 19. Qxa6 Bxa6 20. cxd6 Bxd6 21. Ba7 Rbc8 22. Rfc1 Rxc4 23. Rxc4 Bxc4 24. e3 Ra8 25. Bxa8 h6 26. a4 Ba6 27. Rc1 Bb4 28. a5 Be7 29. Bb6 Kh7 30. Bb7 Nd7 31. Rc7 Bb5 32. Bc6 Bd6 33. Rxd7 Bxc6 34. Rxd6 Bb5 35. Bc5 Kg6 36. a6 Bxa6 37. Rxa6 Kf5 38. Ra7 Kg6 39. Bd4 f6 40. Ra6 e5 41. Bxe5 Kg5 42. Bxf6+ gxf6 43. Kg2 f5 44. Kf3 h5 45. h4# 1-0

[Event "27.Autunno M.Monticelli B"]
[Site "Venezia"]
[Date "2023.10.15"]
[Round "4.18"]
[White "Steffinlongo, Anastasia"]
[Black "Pisnyy, Massimo"]
[Result "0-1"]
[WhiteElo "999"]
[BlackElo "999"]
[Annotator "Ballarin,Gabriele"]
[PlyCount "144"]
[EventDate "2023.10.13"]
[EventType "swiss"]
[EventRounds "5"]
[EventCountry "ITA"]

1. e4 e5 2. Nf3 Nc6 3. Bc4 f5 4. d3 Nge7 5. O-O d5 6. exd5 Nxd5 7. Re1 Qd6 8. Bb3 Nde7 9. Qe2 Nd4 10. Nxd4 exd4 11. c3 dxc3 12. bxc3 Qf6 13. Bb2 Bd7 14. Bd5 O-O-O 15. Bf3 Nc6 16. c4 Qg6 17. Nc3 Bb4 18. a3 Ba5 19. c5 Nd4 20. Qd1 Nxf3+ 21. Qxf3 Bc6 22. Qg3 Rxd3 23. Qxg6 hxg6 24. Rec1 Rd2 25. Rab1 Re8 26. h3 b5 27. Nd1 Rde2 28. Bxg7 a6 29. Bh6 Ra2 30. Ra1 Re1+ 31. Kh2 Rxa1 32. Rxa1 Bc3 33. Rc1 Be5+ 34. f4 Bb2 35. Rc2 Bxa3 36. Nf2 Rc1 37. Re2 Bxc5 38. Nd3 Rc3 39. Nxc5 Rxc5 40. Re6 b4 41. Bf8 Rc4 42. Bxb4 Rxb4 43. Rxc6 a5 44. Rxg6 Rxf4 45. Rc6 a4 46. Rc3 Rb4 47. Rc6 Kd7 48. Rf6 f4 49. h4 f3 50. Rxf3 Rxh4+ 51. Kg3 Rb4 52. Rd3+ Ke6 53. Kf2 Rb3 54. Rd8 c5 55. Ra8 a3 56. Ra4 Kd5 57. g4 Rb4 58. Rxa3 Rxg4 59. Ke2 Rd4 60. Ra8 Kc4 61. Rb8 Rd6 62. Rb7 Kc3 63. Rb8 c4 64. Rb7 Kc2 65. Rc7 c3 66. Rc5 Re6+ 67. Kf2 Re4 68. Kf3 Kd3 69. Rd5+ Rd4 70. Rc5 Kd2 71. Rc6 c2 72. Rxc2+ Kxc2 0-1

[Event "27.Autunno M.Monticelli B"]
[Site "Venezia"]
[Date "2023.10.15"]
[Round "4.19"]
[White "Zanon, Dante"]
[Black "Jaccarino, Giulio"]
[Result "1-0"]
[WhiteElo "1126"]
[BlackElo "999"]
[Annotator "Ballarin,Gabriele"]
[PlyCount "43"]
[EventDate "2023.10.13"]
[EventType "swiss"]
[EventRounds "5"]
[EventCountry "ITA"]

1. e4 e5 2. Nf3 Nc6 3. Bb5 a6 4. Ba4 Bc5 5. O-O d6 6. c3 b5 7. Bb3 Bg4 8. Bd5 Nge7 9. Bxf7+ Kd7 10. h3 Bxf3 11. Qxf3 Qf8 12. Qg4+ Kd8 13. Bd5 h6 14. d3 Nxd5 15. exd5 Ne7 16. b4 Bb6 17. Be3 Nxd5 18. Qe4 Kd7 19. Qxd5 Qe7 20. Bxb6 cxb6 21. Re1 Rab8 22. f4 1-0

[Event "27.Autunno M.Monticelli B"]
[Site "Venezia"]
[Date "2023.10.15"]
[Round "4.20"]
[White "Ghezzo, Sebastiano"]
[Black "Scandiuzzi, Roberto"]
[Result "1/2-1/2"]
[WhiteElo "999"]
[BlackElo "1206"]
[Annotator "Ballarin,Gabriele"]
[PlyCount "72"]
[EventDate "2023.10.13"]
[EventType "swiss"]
[EventRounds "5"]
[EventCountry "ITA"]

1. e4 c6 2. d4 d5 3. Nc3 dxe4 4. Nxe4 Bf5 5. Ng3 Bg6 6. Nf3 h6 7. Bc4 e6 8. O-O Bd6 9. Ne5 Bxe5 10. dxe5 Qxd1 11. Rxd1 Bxc2 12. Rd2 Bg6 13. b3 Nd7 14. Bb2 Ne7 15. Rad1 Nd5 16. Re1 O-O-O 17. Ne4 Bxe4 18. Rxe4 g5 19. a4 Rhe8 20. Rde2 Nf4 21. Re1 Nc5 22. Rd4 Rxd4 23. Bxd4 b6 24. Bxc5 bxc5 25. g3 Nd5 26. Ba6+ Kc7 27. a5 Rd8 28. Rc1 Rb8 29. Bc4 Ne7 30. f4 gxf4 31. gxf4 Rg8+ 32. Kf2 Nf5 33. Bd3 Nd4 34. Rc3 Rb8 35. Bc4 Rg8 36. Rh3 Rh8 {=} 1/2-1/2

[Event "27.Autunno M.Monticelli B"]
[Site "Venezia"]
[Date "2023.10.15"]
[Round "5.1"]
[White "Velluti, Alberto"]
[Black "Balbi, Fabio"]
[Result "0-1"]
[WhiteElo "1718"]
[BlackElo "1622"]
[Annotator "Ballarin,Gabriele"]
[PlyCount "106"]
[EventDate "2023.10.13"]
[EventType "swiss"]
[EventRounds "5"]
[EventCountry "ITA"]

1. e4 c5 2. Nf3 e6 3. d4 cxd4 4. Nxd4 a6 5. Be2 d6 6. O-O Nf6 7. Nc3 Be7 8. Re1 O-O 9. Be3 Qc7 10. h3 Nbd7 11. Nb3 b5 12. a3 Bb7 13. Bd3 Nc5 14. Nxc5 dxc5 15. Bg5 c4 16. Bf1 h6 17. Be3 Nxe4 18. Nxe4 Bxe4 19. Bxh6 Bxc2 20. Qxc2 gxh6 21. Re3 Bf6 22. Rg3+ Kh8 23. Qd2 Bg7 24. Rc1 Rad8 25. Qe2 Qe5 26. Qg4 Rg8 27. Rc2 Bf6 28. Qf3 Rxg3 29. fxg3 Rg8 30. g4 Rd8 31. Re2 Qd4+ 32. Kh2 Kg7 33. Rf2 Rd7 34. g3 Bg5 35. h4 Be3 36. Re2 Bc1 37. g5 hxg5 38. Qh5 Qf6 39. Kg2 gxh4 40. Qxh4 Qxh4 41. gxh4 Rd2 42. Rxd2 Bxd2 43. a4 Bc1 44. axb5 axb5 45. b3 cxb3 46. Bxb5 b2 47. Bd3 f5 48. Kg3 Kf6 49. Bc2 e5 50. Kh3 e4 51. Kg3 Ke5 52. h5 Kf6 53. Kh4 Bd2 0-1

[Event "27.Autunno M.Monticelli B"]
[Site "Venezia"]
[Date "2023.10.15"]
[Round "5.2"]
[White "Marson, Eva Jane"]
[Black "Alessandrini, Alfredo"]
[Result "0-1"]
[WhiteElo "1621"]
[BlackElo "1608"]
[Annotator "Ballarin,Gabriele"]
[PlyCount "130"]
[EventDate "2023.10.13"]
[EventType "swiss"]
[EventRounds "5"]
[EventCountry "ITA"]

1. e4 e6 2. d3 d5 3. Nd2 g6 4. Ngf3 Bg7 5. g3 Ne7 6. Bg2 c5 7. O-O O-O 8. Re1 Nbc6 9. Nf1 Qb6 10. c3 Rd8 11. Qc2 Qa6 12. h4 dxe4 13. dxe4 b5 14. e5 Bb7 15. g4 b4 16. h5 bxc3 17. bxc3 Qd3 18. Qb3 Na5 19. Qa3 Bxf3 20. Qxa5 Bxg2 21. Kxg2 Qd5+ 22. Kg1 Nc6 23. Qa4 gxh5 24. gxh5 Nxe5 25. Nh2 Nd3 26. Re3 Qxh5 27. Rg3 Nxf2 28. Kxf2 Qxh2+ 29. Rg2 Qh5 30. Bg5 Rd5 31. Rag1 Rb8 32. Bc1 Rf5+ 33. Ke1 Re5+ 34. Kf1 Qf5+ 35. Rf2 Qd3+ 36. Kg2 Rh5 37. Qg4 Qg6 38. Qxg6 hxg6 39. Rf3 Be5 40. a4 Rb1 41. Bf4 Rxg1+ 42. Kxg1 Bxf4 43. Rxf4 Rh3 44. Rc4 Rd3 45. Rxc5 Rd5 46. Rc4 Kf8 47. Kf2 Ke7 48. Ke3 Kd7 49. Rf4 f5 50. Rh4 Ra5 51. Rc4 g5 52. Kf3 Kd6 53. Kg3 Rc5 54. Rd4+ Ke5 55. Kf2 Rxc3 56. Rd7 a5 57. Ra7 Rc5 58. Rb7 Kd5 59. Rd7+ Kc4 60. Re7 Re5 61. Rb7 Rc5 62. Re7 e5 63. Rf7 e4 64. Rg7 Kb4 65. Rxg5 Kxa4 0-1

[Event "27.Autunno M.Monticelli B"]
[Site "Venezia"]
[Date "2023.10.15"]
[Round "5.3"]
[White "Baymani, Soroush"]
[Black "Lenzing, Raphael"]
[Result "1/2-1/2"]
[WhiteElo "1642"]
[BlackElo "1439"]
[Annotator "Ballarin,Gabriele"]
[PlyCount "81"]
[EventDate "2023.10.13"]
[EventType "swiss"]
[EventRounds "5"]
[EventCountry "ITA"]

1. Nf3 Nf6 2. b3 e6 3. Bb2 c5 4. c4 Nc6 5. e3 Be7 6. Be2 O-O 7. d3 d5 8. cxd5 exd5 9. Nbd2 Re8 10. a3 h6 11. O-O Bf5 12. d4 cxd4 13. Nxd4 Bg6 14. Bb5 Qb6 15. Nxc6 bxc6 16. Ba4 Bd3 17. Re1 a5 18. Rc1 Rec8 19. Nf3 Ba6 20. Bd4 c5 21. Bxf6 Bxf6 22. Qxd5 Bb7 23. Qf5 Bb2 24. Rc2 Bxa3 25. Rd1 Rd8 26. Rcd2 Bb4 27. Rd7 Rxd7 28. Rxd7 Rf8 29. Ne5 Bc8 30. Qh5 Bxd7 31. Nxd7 Qd6 32. Nxf8 Qd2 33. g3 Qc1+ 34. Kg2 Kxf8 35. Qd5 g6 36. Qe5 Qc3 37. Qf4 Kg7 38. Qe4 Qb2 39. Qc4 Be1 40. Qf4 Qf6 41. Qxf6+ 1/2-1/2

[Event "27.Autunno M.Monticelli B"]
[Site "Venezia"]
[Date "2023.10.15"]
[Round "5.4"]
[White "De Bona, Filippo"]
[Black "Piovesan, Sara"]
[Result "1-0"]
[WhiteElo "1624"]
[BlackElo "1235"]
[Annotator "Ballarin,Gabriele"]
[PlyCount "57"]
[EventDate "2023.10.13"]
[EventType "swiss"]
[EventRounds "5"]
[EventCountry "ITA"]

1. d4 d5 2. c4 e6 3. Nc3 Nf6 4. cxd5 exd5 5. Bg5 Be7 6. e3 Bf5 7. Bxf6 Bxf6 8. Qb3 c5 9. Qxb7 Nd7 10. Qxd5 Be6 11. Qe4 cxd4 12. exd4 O-O 13. Bd3 g6 14. Nge2 Re8 15. O-O Rb8 16. Qf3 Nb6 17. Ne4 Bg7 18. Rfd1 Bd5 19. Qf4 Bxe4 20. Bxe4 f5 21. Bd3 Nd5 22. Qf3 Kh8 23. b3 Nb4 24. Bc4 Re4 25. Rd2 Nc6 26. Rad1 Nxd4 27. Rxd4 Bxd4 28. Nxd4 Rxd4 29. Qc3 1-0

[Event "27.Autunno M.Monticelli B"]
[Site "Venezia"]
[Date "2023.10.15"]
[Round "5.5"]
[White "Lobina, Riccardo Marco"]
[Black "Grendene, Luca"]
[Result "0-1"]
[WhiteElo "1437"]
[BlackElo "1488"]
[Annotator "Ballarin,Gabriele"]
[PlyCount "68"]
[EventDate "2023.10.13"]
[EventType "swiss"]
[EventRounds "5"]
[EventCountry "ITA"]

1. e4 c5 2. Nf3 e6 3. d4 cxd4 4. Nxd4 Nf6 5. Nc3 Nc6 6. Ndb5 d6 7. Bf4 e5 8. Bg5 a6 9. Na3 b5 10. Nd5 Be7 11. Bxf6 Bxf6 12. c3 Bg5 13. h4 Bh6 14. g4 Bf4 15. Nxf4 exf4 16. Qd5 Qc7 17. Bxb5 axb5 18. Nxb5 Qd7 19. Nxd6+ Kf8 20. O-O-O Ra5 21. Qc4 Ba6 22. Nb5 Bxb5 23. Qc5+ Qe7 24. Rd6 Ba4 25. Rd8+ Nxd8 26. Qxa5 Be8 27. Rd1 Nc6 28. Qa8 g6 29. h5 Kg7 30. hxg6 hxg6 31. Qa4 Rh2 32. f3 Qb7 33. b4 Qb6 34. Re1 Qf2 0-1

[Event "27.Autunno M.Monticelli B"]
[Site "Venezia"]
[Date "2023.10.15"]
[Round "5.6"]
[White "Sorgi, Franco"]
[Black "Gambarotto, Paolo"]
[Result "1/2-1/2"]
[WhiteElo "1207"]
[BlackElo "1382"]
[Annotator "Ballarin,Gabriele"]
[PlyCount "104"]
[EventDate "2023.10.13"]
[EventType "swiss"]
[EventRounds "5"]
[EventCountry "ITA"]

1. e4 c6 2. Nc3 d5 3. d4 dxe4 4. Nxe4 Bf5 5. Ng3 Bg6 6. Bc4 e6 7. N1e2 Bd6 8. Nf4 Qc7 9. Nxg6 hxg6 10. Qf3 Nf6 11. Bd2 Nbd7 12. O-O-O O-O-O 13. h3 Nb6 14. Bb3 Nfd5 15. Ne4 Bf4 16. g3 Bxd2+ 17. Rxd2 Qe7 18. h4 Nd7 19. Re1 N5f6 20. Ng5 Kb8 21. Rdd1 Nb6 22. c3 Nh7 23. Qxf7 Rde8 24. Qxe7 Rxe7 25. Nxh7 Rxh7 26. Rxe6 Rxe6 27. Bxe6 Rh6 28. Re1 a5 29. Bf7 g5 30. hxg5 Rh2 31. Re2 Nc8 32. g6 Nd6 33. Kd2 Ka7 34. Kd3 b5 35. b3 Kb6 36. g4 Rh3+ 37. Kd2 Rf3 38. Be6 Rf6 39. d5 cxd5 40. Bxd5 Rxg6 41. Re6 Rxe6 42. Bxe6 Ne4+ 43. Kc2 Nxf2 44. g5 g6 45. Bf7 Ne4 46. Bxg6 Nxg5 47. Bd3 Nf3 48. Kb2 Kc5 49. a3 b4 50. axb4+ axb4 51. cxb4+ Kxb4 52. Bc4 Nd2 1/2-1/2

[Event "27.Autunno M.Monticelli B"]
[Site "Venezia"]
[Date "2023.10.15"]
[Round "5.7"]
[White "Rossi, Gianni"]
[Black "Adel, Sarah"]
[Result "0-1"]
[WhiteElo "1495"]
[BlackElo "1399"]
[Annotator "Ballarin,Gabriele"]
[PlyCount "84"]
[EventDate "2023.10.13"]
[EventType "swiss"]
[EventRounds "5"]
[EventCountry "ITA"]

1. d4 Nf6 2. f3 d5 3. e4 dxe4 4. Nc3 exf3 5. Nxf3 g6 6. Bf4 Bg7 7. Qd2 O-O 8. O-O-O Bg4 9. Be2 c6 10. Bh6 Nbd7 11. Bxg7 Kxg7 12. Qg5 Nb6 13. h3 Be6 14. b3 Nbd5 15. Nxd5 Qxd5 16. c4 Qxg5+ 17. Nxg5 Bf5 18. g4 Be4 19. Rhf1 h6 20. Nf3 Rad8 21. Ne5 a6 22. Bf3 Bxf3 23. Rxf3 Rd6 24. Rf4 Rfd8 25. Nf3 c5 26. h4 cxd4 27. g5 Nh5 28. Rfxd4 Rxd4 29. Nxd4 hxg5 30. Ne6+ fxe6 31. Rxd8 gxh4 32. Rd4 g5 33. Kd2 Ng3 34. Rg4 Kf6 35. Ke3 e5 36. a4 Kf5 37. Rxg3 hxg3 38. Kf3 g2 39. Kxg2 Ke4 40. c5 Kd4 41. b4 Kc4 42. b5 Kxc5 0-1

[Event "27.Autunno M.Monticelli B"]
[Site "Venezia"]
[Date "2023.10.15"]
[Round "5.8"]
[White "Rizzo, Nicodemo"]
[Black "Magda, Serafima"]
[Result "0-1"]
[WhiteElo "1482"]
[BlackElo "1252"]
[Annotator "Ballarin,Gabriele"]
[PlyCount "66"]
[EventDate "2023.10.13"]
[EventType "swiss"]
[EventRounds "5"]
[EventCountry "ITA"]

1. d4 Nf6 2. Nf3 b6 3. e3 Bb7 4. Be2 e6 5. c4 d5 6. Nc3 Be7 7. Bd2 O-O 8. O-O Nbd7 9. h3 c5 10. a3 Rc8 11. Rc1 dxc4 12. Bxc4 cxd4 13. Nb5 dxe3 14. Bxe3 Bxf3 15. Qxf3 Ne5 16. Qe2 Nxc4 17. Rxc4 a6 18. Rxc8 Qxc8 19. Na7 Qb7 20. Nb5 axb5 21. Qxb5 Nd5 22. Bd4 Bf6 23. Bc5 Rc8 24. Be3 Nxe3 25. fxe3 Qc6 26. Qa6 Bxb2 27. Rb1 Ra8 28. Qd3 Bxa3 29. Rd1 Bc5 30. Kh1 Qe8 31. Rb1 Ra3 32. Rb3 Rxb3 33. Qxb3 g6 0-1

[Event "27.Autunno M.Monticelli B"]
[Site "Venezia"]
[Date "2023.10.15"]
[Round "5.9"]
[White "Piovesan, Alberto"]
[Black "Tona, Leonardo"]
[Result "0-1"]
[WhiteElo "1247"]
[BlackElo "1423"]
[Annotator "Ballarin,Gabriele"]
[PlyCount "108"]
[EventDate "2023.10.13"]
[EventType "swiss"]
[EventRounds "5"]
[EventCountry "ITA"]

1. d4 d5 2. c4 e6 3. cxd5 exd5 4. Nc3 Nf6 5. Nf3 c5 6. dxc5 Bxc5 7. Bg5 Bb4 8. Bd2 Nc6 9. a3 Bxc3 10. Bxc3 Be6 11. e3 O-O 12. b4 Ne4 13. Bb2 a6 14. Bd3 Qe7 15. Qc2 f5 16. Rc1 Rac8 17. Qb1 Ng5 18. Nd4 Nxd4 19. Bxd4 Rxc1+ 20. Qxc1 Rc8 21. Qb1 Qf7 22. f3 Qh5 23. Be2 Qh4+ 24. Kd2 f4 25. Qe1 fxe3+ 26. Bxe3 Qh5 27. Qg3 Nf7 28. Rc1 Rxc1 29. Kxc1 Qe5 30. Qxe5 Nxe5 31. f4 Nc4 32. Bxc4 dxc4 33. Kc2 b5 34. Kc3 Kf7 35. Kd4 Kf6 36. Kc5 Kf5 37. g3 Ke4 38. Bd4 g6 39. Be5 Kd3 40. Kb6 c3 41. Kxa6 Bd7 42. Ka5 h5 43. h3 Kc4 44. g4 h4 45. f5 gxf5 46. gxf5 Bxf5 47. a4 bxa4 48. Kxa4 Bxh3 49. b5 Bd7 50. Ka3 Bxb5 51. Ka2 Kd3 52. Kb1 Kd2 53. Bf4+ Kd1 54. Be5 c2+ 0-1

[Event "27.Autunno M.Monticelli B"]
[Site "Venezia"]
[Date "2023.10.15"]
[Round "5.10"]
[White "Amadei, Beatrice"]
[Black "Khalamivskiy, Mykhailo"]
[Result "0-1"]
[WhiteElo "1081"]
[BlackElo "1373"]
[Annotator "Ballarin,Gabriele"]
[PlyCount "40"]
[EventDate "2023.10.13"]
[EventType "swiss"]
[EventRounds "5"]
[EventCountry "ITA"]

1. e4 c5 2. Nf3 Nc6 3. d4 cxd4 4. Nxd4 e5 5. Nb3 Nf6 6. Bd3 Be7 7. Nc3 O-O 8. O-O h6 9. h3 Bb4 10. Bd2 Re8 11. a3 Bxc3 12. Bxc3 d5 13. exd5 Nxd5 14. Qd2 Nxc3 15. Qxc3 Qg5 16. Kh1 Be6 17. Nc5 Bd5 18. Ne4 Qh4 19. Ng3 Qxh3+ 20. Kg1 Qxg2# 0-1

[Event "27.Autunno M.Monticelli B"]
[Site "Venezia"]
[Date "2023.10.15"]
[Round "5.11"]
[White "Carboni, Giacomo"]
[Black "Tatulli Uva, Alberto"]
[Result "1-0"]
[WhiteElo "1323"]
[BlackElo "1025"]
[Annotator "Ballarin,Gabriele"]
[PlyCount "115"]
[EventDate "2023.10.13"]
[EventType "swiss"]
[EventRounds "5"]
[EventCountry "ITA"]

1. e4 e5 2. f4 exf4 3. Nf3 Bc5 4. d4 Bb6 5. Bxf4 d6 6. Bc4 h6 7. c3 Be6 8. Nbd2 Qf6 9. Bg3 Qe7 10. O-O a6 11. Kh1 Qd7 12. e5 d5 13. Bd3 Ne7 14. a4 c6 15. b4 Qc7 16. a5 Ba7 17. Ng1 Nd7 18. Ne2 O-O 19. Nf4 Rae8 20. Nxe6 fxe6 21. Qg4 Qd8 22. Qxe6+ Kh8 23. Bh4 Rxf1+ 24. Rxf1 Bb8 25. Rf7 Nf8 26. Rxf8+ Rxf8 27. Bxe7 Qe8 28. Bg6 Qc8 29. Qxc8 Rxc8 30. Bh4 Kg8 31. e6 Bd6 32. e7 Bxe7 33. Bxe7 Rc7 34. Bd6 Rd7 35. Be5 Kh8 36. g4 Re7 37. Bf5 Rf7 38. Nf3 Re7 39. Nh4 Re8 40. Bg6 Re7 41. Nf5 Re6 42. Bf7 Rf6 43. Bxf6 gxf6 44. h4 Kh7 45. h5 Kh8 46. Ne7 Kg7 47. Be6 f5 48. Nxd5 fxg4 49. Bxg4 cxd5 50. Bc8 Kf6 51. Bxb7 Kg5 52. Bxa6 Kxh5 53. Be2+ Kg5 54. a6 h5 55. a7 h4 56. a8=Q h3 57. Qxd5+ Kf4 58. Qe5# 1-0

[Event "27.Autunno M.Monticelli B"]
[Site "Venezia"]
[Date "2023.10.15"]
[Round "5.12"]
[White "Schievano, Massimiliano"]
[Black "Girardi, Alvise"]
[Result "1-0"]
[WhiteElo "999"]
[BlackElo "1322"]
[Annotator "Ballarin,Gabriele"]
[PlyCount "63"]
[EventDate "2023.10.13"]
[EventType "swiss"]
[EventRounds "5"]
[EventCountry "ITA"]

1. d4 Nf6 2. c4 g6 3. Nc3 Bg7 4. e4 d6 5. f3 Nbd7 6. Be3 O-O 7. Nge2 c5 8. Qd2 Re8 9. Bh6 Bh8 10. h4 cxd4 11. Nxd4 Qb6 12. O-O-O Ne5 13. Be2 a5 14. g4 Qc5 15. Kb1 Nxc4 16. Bxc4 Qxc4 17. Rc1 Nxe4 18. Nxe4 Qxd4 19. Qe2 Be6 20. h5 Rac8 21. Nc3 Bc4 22. Qh2 b5 23. hxg6 Qd3+ 24. Ka1 Qxg6 25. f4 f6 26. f5 Qf7 27. g5 fxg5 28. Rcg1 Bf6 29. Bxg5 Bxg5 30. Rxg5+ Kf8 31. Qh6+ Qg7 32. Qxg7# 1-0

[Event "27.Autunno M.Monticelli B"]
[Site "Venezia"]
[Date "2023.10.15"]
[Round "5.13"]
[White "Cedriano, Mattia"]
[Black "Salgado, David"]
[Result "1-0"]
[WhiteElo "1269"]
[BlackElo "999"]
[Annotator "Ballarin,Gabriele"]
[PlyCount "79"]
[EventDate "2023.10.13"]
[EventType "swiss"]
[EventRounds "5"]
[EventCountry "ITA"]

1. e4 e5 2. Nf3 Nc6 3. Bb5 d6 4. O-O Nf6 5. Re1 Be7 6. d3 Be6 7. c3 O-O 8. Nbd2 Re8 9. Nf1 a6 10. Ba4 b5 11. Bc2 Bg4 12. h3 Bh5 13. Ng3 Bg6 14. Nh4 d5 15. Nhf5 d4 16. Nxe7+ Rxe7 17. f4 h6 18. f5 Bh7 19. Nh5 Qd6 20. a4 Na7 21. axb5 axb5 22. cxd4 Qxd4+ 23. Be3 Qxb2 24. Nxf6+ gxf6 25. Qg4+ (25. Rxa7 $1) 25... Kf8 26. Bxh6+ Ke8 27. Qg7 Kd7 28. Qxh7 Qxc2 29. Rec1 Qb3 30. Rcb1 Qc3 31. Bg7 Qd4+ 32. Kh1 Qd6 33. Qh4 Ree8 34. Bxf6 Nc6 35. Rxa8 Rxa8 36. Rxb5 Ra1+ 37. Kh2 Qxd3 38. Rd5+ Qxd5 39. exd5 Kd6 40. dxc6 1-0

[Event "27.Autunno M.Monticelli B"]
[Site "Venezia"]
[Date "2023.10.15"]
[Round "5.14"]
[White "Pisnyy, Massimo"]
[Black "Hernandez Proto, Maria Angelina"]
[Result "1/2-1/2"]
[WhiteElo "999"]
[BlackElo "1494"]
[Annotator "Ballarin,Gabriele"]
[PlyCount "46"]
[EventDate "2023.10.13"]
[EventType "swiss"]
[EventRounds "5"]
[EventCountry "ITA"]

1. e4 c5 2. d4 e6 3. Bc4 Nc6 4. Nf3 Nf6 5. Nc3 a6 6. d5 exd5 7. Bxd5 Nxd5 8. Nxd5 Nb4 9. b3 Nxd5 10. exd5 Be7 11. Bb2 Bf6 12. Bxf6 Qxf6 13. O-O O-O 14. Re1 d6 15. Qe2 Bd7 16. Qe7 Qxe7 17. Rxe7 Rad8 18. a4 Rfe8 19. Rae1 Kf8 20. Rxe8+ Rxe8 21. Rxe8+ Kxe8 22. Nd2 Bf5 23. Nc4 Kd7 1/2-1/2

[Event "27.Autunno M.Monticelli B"]
[Site "Venezia"]
[Date "2023.10.15"]
[Round "5.15"]
[White "Amadardo, Matteo"]
[Black "Rignanese, Michele"]
[Result "0-1"]
[WhiteElo "1390"]
[BlackElo "1368"]
[Annotator "Ballarin,Gabriele"]
[PlyCount "86"]
[EventDate "2023.10.13"]
[EventType "swiss"]
[EventRounds "5"]
[EventCountry "ITA"]

1. c4 c6 2. g3 d5 3. Bg2 Nf6 4. Nf3 Bf5 5. Qb3 Qb6 6. Nc3 e6 7. d3 h6 8. Bf4 Nbd7 9. O-O Bc5 10. Na4 Qxb3 11. axb3 Be7 12. Be3 c5 13. cxd5 Nxd5 14. Bd2 Bg4 15. Nc3 a6 16. Nxd5 exd5 17. h3 Be6 18. b4 Bf6 19. bxc5 Nxc5 20. Bc3 Ke7 21. Nd4 Rhc8 22. f4 Bxd4+ 23. Bxd4 Nb3 24. Ra4 b5 25. Rb4 Nxd4 26. Rxd4 Rc2 27. f5 Bd7 28. Bxd5 Ra7 29. Re4+ Kd6 30. Bxf7 Rxb2 31. f6 gxf6 32. Rxf6+ Kc5 33. d4+ Kb4 34. d5+ Kc5 35. Be6 a5 36. Rf7 Kd6 37. Rxd7+ Rxd7 38. Bxd7 Kxd7 39. Re6 a4 40. e4 a3 41. e5 a2 42. Rd6+ Kc7 43. Rc6+ Kb7 0-1

[Event "27.Autunno M.Monticelli B"]
[Site "Venezia"]
[Date "2023.10.15"]
[Round "5.16"]
[White "Franco Tevez Inti, Mahatma"]
[Black "Zanon, Michele"]
[Result "0-1"]
[WhiteElo "1047"]
[BlackElo "1364"]
[Annotator "Ballarin,Gabriele"]
[PlyCount "152"]
[EventDate "2023.10.13"]
[EventType "swiss"]
[EventRounds "5"]
[EventCountry "ITA"]

1. e4 Nf6 2. e5 Nd5 3. Bc4 Nb6 4. Be2 d5 5. d4 Bf5 6. Nf3 e6 7. O-O c5 8. c3 Nc6 9. Bg5 Be7 10. Bxe7 Qxe7 11. Re1 O-O 12. Nbd2 cxd4 13. cxd4 Rac8 14. Rc1 Rc7 15. Bf1 Rfc8 16. Nb3 Bg4 17. h3 Bh5 18. Be2 Nd7 19. a3 a6 20. Qd2 Nf8 21. Rc3 h6 22. Rec1 Bg6 23. Bd3 Bh5 24. Be2 Bg6 25. Qe3 Qd8 26. Nc5 Ne7 27. Nb3 Nf5 28. Qd2 Rxc3 29. Rxc3 Rxc3 30. Qxc3 Bh7 31. Na5 b5 32. b4 Ng6 33. Qc6 Nf4 34. Bf1 Ne7 35. Qxa6 Be4 36. Nd2 Qc7 37. Qxb5 Nf5 38. Nc6 Ne7 39. Nxe7+ Qxe7 40. Nb3 Qg5 41. g3 Bf5 42. g4 Be4 43. Nd2 Nxh3+ 44. Bxh3 Qxd2 45. Bf1 Qf4 46. Qe2 Bf3 47. Qe3 Qxg4+ 48. Kh2 Qh4+ 49. Bh3 Be4 50. b5 g5 51. b6 g4 52. Qg3 Qd8 53. Qb3 gxh3 54. b7 Qb8 55. a4 Kh7 56. a5 Bf5 57. a6 Qg8 58. Qg3 Qb8 59. Qb3 Qg8 60. Qg3 Qb8 61. Kg1 Qa7 62. Kh2 Qb8 63. Kg1 Qa7 64. Qb3 Qxa6 65. b8=Q Qa1+ 66. Kh2 Qxd4 67. Qg3 Bg6 68. Qf8 Qe4 69. f3 Qe2+ 70. Kxh3 d4 71. Qf4 Qf1+ 72. Kh4 Qh1+ 73. Kg4 Qg2+ 74. Qg3 Bf5+ 75. Kh4 Qh1+ 76. Qh2 Qxh2# 0-1